Auf den Spuren des "Wasserpolnischen" im Werk von Horst Bienek
| Titel: | Auf den Spuren des "Wasserpolnischen" im Werk von Horst Bienek : Ein geschichtlich-kulturelles Phänomen in Oberschlesien |
|---|---|
| Verfasser: | |
| In: |
Oberschlesien und das Phänomen der Grenze im Werk Horst Bieneks, (2003), Seite 49-57 alle Artikel anzeigen |
| Veröffentlicht: | 2003 |
| Format: | Aufsatz |
| Sprache: | Deutsch |
X
alg: 39252372
001A $01999:11-11-16
001B $01999:17-05-21 $t20:33:40.000
001D $01999:11-11-16
001U $0utf8
001X $00
002@ $0Aox
003@ $0392523728
007A $0392523728 $aHEB
007T $0Herdc0055263m
010@ $ager
011@ $a2003
021A $aAuf den Spuren des "Wasserpolnischen" im Werk von Horst Bienek $dEin geschichtlich-kulturelles Phänomen in Oberschlesien
028A $aLasatowicz $dMaria Katarzyna
031A $h49-57 $j2003
039B $aIn $8--Aax--. Oberschlesien und das Phänomen der Grenze im Werk Horst Bieneks. - Gleiwitz {[u.a.], 2003. - 60 S.. - Abb.. - ISBN 83-917362-6-1 $x200300000000000951 $9395420741
045F $a929.09438 $eDDC23BSB
045F/01 $a929
045F/03 $g438
045F/03 $g4385
lok: 39252372 78
exp: 39252372 78 1 #EPN
201B/01 $023-10-18 $t23:28:22.000
201U/01 $0utf8
203@/01 $0788621629
208@/01 $a11-11-16 $be
209A/01 $a/ $f000 $x00
220C/01 $aTitelaufnehmer: pg
220C/01 $aHerkunft: HI Marburg
220C/01 $aAnmerkung: polnische Buchausgabe enthält diesen Artikel nicht!
244Z/01 $2Trx $#Silesia $#Śląsk $#Sliezsko $#Slezsko $8--Trx--Schlesien $x01 $9391173987
244Z/01 $2Trx $#Poola $#Lenkija $#Polija $#Polen Land $#Poland $#Lengyelország $#Poľsko $#Polsko $8--Trx--Polska$gkraj $x02 $9391345966
244Z/01 $#Oberschlesien $#Górny Śla̜sk $#Horní Slezsko $74042978-7 $8--Tg1--Oberschlesien $x03 $9085119679
244Z/01 $aGeschichte 1800-2000 $x04
244Z/01 $#Bienek, H. G. $#Bienek, Horst Günther $#Bienek, Horst, Karl $7118510754 $8--Tp1--Bienek, Horst$Z1930-1990 $x05 $9086851888
244Z/01 $2Trx $#kirjandus, Saksa $#literatūra, vokiečių $#Literature, German $#irodalom, német $#literatura niemiecka $#literatúra nemecká $#literatura německá $8--Trx--Literatur, deutsche $x06 $9391368125
244Z/01 $2Trx $#keel, poola $#kalba, lenkų $#Language, Polish $#nyelv, lengyel $#język polski $#jazyk poľský $#jazyk polský $8--Trx--Sprache, polnische $x07 $9391356968
244Z/01 $2Trx $#murded ja dialektid $#tarmės $#Dialects $#nyelvjárások $#gwary i dialekty $#nárečia a dialekty $#nářečí a dialekty $#Dialekte $#dialekty $#gwary $#nárečia $#dialekty $#nářečí $#dialekty $8--Trx--Mundarten und Dialekte $x08 $9391362488
244Z/01 $2Trx $#mälestused $#atsiminimai $#Memoirs $#emlékezések $#wspomnienia $#spomienky $#vzpomínky $#memuaarid $#Memoiren $#pamiętniki $#pamäti $#paměti $8--Trx--Erinnerungen $x09 $9391357727
244Z/01 $2Trx $8--Trx--Einzelbeiträge $x10 $9391384570
245Z/01 $a12.03 $x01
247C/01 $82080>Marburg/Lahn, Herder-Institut, Forschungsbibliothek, Bibliographieportal $9336309341
| LEADER | 00000caa a22000002c 4500 | ||
|---|---|---|---|
| 001 | 392523728 | ||
| 003 | DE-603 | ||
| 005 | 20210517203340.0 | ||
| 007 | tu | ||
| 008 | 161111s2003 xx |||| | u00||u|ger c | ||
| 035 | |a (DE-599)HEB392523728 | ||
| 040 | |a DE-603 |b ger |c DE-603 |d DE-603 | ||
| 041 | |a ger | ||
| 082 | 0 | 4 | |8 1\u |a 929.09438 |q DE-101 |2 23/BSB |
| 085 | |8 1\u |b 929 | ||
| 085 | |8 1\u |z 2 |s 438 | ||
| 085 | |8 1\u |z 2 |s 4385 | ||
| 100 | 1 | |a Lasatowicz, Maria Katarzyna | |
| 245 | 0 | 0 | |a Auf den Spuren des "Wasserpolnischen" im Werk von Horst Bienek |b Ein geschichtlich-kulturelles Phänomen in Oberschlesien |
| 264 | 0 | |c 2003 | |
| 773 | 0 | 8 | |i In |t Oberschlesien und das Phänomen der Grenze im Werk Horst Bieneks |d Gleiwitz [u.a.], 2003 |h 60 S., Abb. |z 8391736261 |g (2003), Seite 49-57 |w (DE-603)395420741 |
| 924 | 0 | |9 2080 |a (DE-603)788621629 |b DE-2080 |c HES |d d |g / | |


